A Guide to Careers in Sport and Exercise Science / The British Association of Sport and Exercise Sciences (Record no. 9070)
[ view plain ]
| 000 -LEADER | |
|---|---|
| fixed length control field | 01051cam a22002054a 4500 |
| 005 - ΗΜΕΡΟΜΗΝΙΑ ΚΑΙ ΩΡΑ ΤΕΛΕΥΤΑΙΑΣ ΕΝΗΜΕΡΩΣΗΣ | |
| Πεδίο ελέγχου | 20250605164353.0 |
| 008 - FIXED-LENGTH DATA ELEMENTS--GENERAL INFORMATION | |
| Πεδίο ελέγχου σταθερού μήκους | 250528s ||||||||||||||||||||||||d |
| 035 ## - SYSTEM CONTROL NUMBER | |
| System control number | 24174 |
| 020 ## - ISBN | |
| ISBN | 9781607970422 |
| 040 ## - ΠΗΓΗ ΚΑΤΑΛΟΓΟΓΡΑΦΗΣΗΣ | |
| Φορέας πρωτότυπης καταλογογράφησης | MC Athens Campus Library |
| Γλώσσα καταλογογράφησης | Ελληνικά, Μοντέρνα (1453-) |
| Modifying agency | MC Athens Campus Library |
| Κανόνες περιγραφικής καταλογογράφησης | AACR2 |
| 245 1# - ΤΙΤΛΟΣ ΚΑΙ ΔΗΛΩΣΗ ΥΠΕΥΘΥΝΟΤΗΤΑΣ | |
| Τίτλος | A Guide to Careers in Sport and Exercise Science / The British Association of Sport and Exercise Sciences |
| 260 ## - PUBLICATION, DISTRIBUTION, ETC. | |
| Place of publication, distribution, etc. | Leeds, UK, |
| Date of publication, distribution, etc. | 2020 |
| 300 ## - PHYSICAL DESCRIPTION | |
| Extent | 50 |
| 520 ## - SUMMARY, ETC. | |
| Summary, etc. | Introduction, What is Sport and Exercise Science?, The British Association of Sport and Exercise Sciences, Pursuing a Career in Sport and Exercise Science, Entry Requirements, Choosing an Undergraduate Endorsement Scheme, Choosing a Postgraduate Course, BASES Accreditation and Supervising Experience, Insider's View: Tips from Recent Sport and Exercise Science Graduates, Career Pathways, Job Profiles, Useful Websites and Resources, Acknowledgements. |
| 710 2# - ΠΡΟΣΘΕΤΗ ΑΝΑΓΡΑΦΗ--ΣΥΛΛΟΓΙΚΟ ΟΡΓΑΝΟ | |
| Corporate name or jurisdiction name as entry element | BASES |
| 9 (RLIN) | 9828 |
| 710 2# - ΠΡΟΣΘΕΤΗ ΑΝΑΓΡΑΦΗ--ΣΥΛΛΟΓΙΚΟ ΟΡΓΑΝΟ | |
| Corporate name or jurisdiction name as entry element | The British Association Of Sport And Exercise Sciences |
| 9 (RLIN) | 9829 |
| 942 ## - ADDED ENTRY ELEMENTS (KOHA) | |
| Koha item type | Books |
| Τύπος τεκμηρίου | Βιβλιοθήκη | Τρέχουσα τοποθεσία | Barcode | Αριθμός εισαγωγής | Ημερομηνία απόκτησης | Ταξιθετικό σύμβολο | Αριθμός αντιτύπου | Κατάσταση απόσυρσης | Κατάσταση χαμένου | Κατάσταση κατεστραμμένου | Μη δανεισμός | Σύνολο δανεισμών | Ημερομηνία τελευταίας εμφάνισης | Η τιμή ισχύει από |
|---|---|---|---|---|---|---|---|---|---|---|---|---|---|---|
| Books | MC Athens Campus Library | MC Athens Campus Library | 9780000090690 | 7730 | 613.71019 BAS | 1 | 05/06/2025 | 05/06/2025 |